Statistiques concernant Mots français les plus communs

Cliquez ici pour prendre le quiz!

Statistiques générales

  • Ce quiz a été pris 14 610 fois
  • Le résultat moyen est 53 sur 100

Statistiques - réponses

#Mots% Correct
13à
94%
14a
94%
11il
94%
1je
93%
5le
92%
27nous
92%
6vous
92%
8tu
91%
7la
90%
62
90%
61ma
90%
34elle
88%
48ils
87%
12et
86%
66
85%
82ou
85%
2de
84%
65es
83%
30me
82%
96sa
82%
52se
79%
17ce
78%
20ça
77%
3est
77%
19on
76%
73son
76%
16les
75%
41te
74%
99ta
72%
39mon
70%
10un
67%
24des
66%
23pour
66%
40suis
66%
22ai
65%
74ton
65%
29mais
63%
72par
63%
9que
61%
81bon
59%
26qui
57%
21une
57%
18en
56%
38non
56%
56quoi
56%
49as
55%
94ces
54%
85ont
54%
50être
53%
45oui
53%
42au
52%
25moi
52%
32du
51%
98été
51%
4pas
51%
35si
51%
69sont
51%
44va
50%
15ne
49%
53comme
45%
46toi
45%
31dans
43%
71quand
42%
97êtes
41%
59lui
41%
55sur
41%
43avec
39%
80avez
39%
79comment
37%
68pourquoi
35%
51faire
34%
37plus
34%
47fait
33%
93deux
30%
76vais
30%
28y
30%
100fais
29%
67votre
29%
70cette
28%
36tout
27%
33bien
26%
89voir
26%
57ici
23%
92tous
23%
77dire
20%
75peux
20%
60veux
20%
64dit
19%
84merci
19%
91allez
17%
78alors
17%
63rien
16%
87jamais
15%
58sais
15%
83très
15%
54était
13%
86même
12%
95faut
9%
88aussi
8%
90chose
6%

Distribution des résultats

Percentile par nombre de réponses

% des personnes avec chaque résultat

Votre développement - résultats

Vous n’avez pas pris ce quiz